000 00221nam a2200121Ia 4500
100 _a#N/A
650 _aComputer/ IT
942 _cBK
654 _aneo dvd 7
245 _aNeo DVD 7
260 _b#N/A
546 _aENGLISH
999 _c23572
_d23572